|
|
|
|
| LEADER |
00000nam0a2200000 4500 |
| 001 |
28325 |
| 005 |
20231101205840.0 |
| 035 |
|
|
|a (RuTPU)RU\TPU\book\28581
|
| 035 |
|
|
|a BOOK00000306
|
| 090 |
|
|
|a 28325
|
| 100 |
|
|
|a 20011209d1993 m y0rusy50 ca
|
| 101 |
0 |
|
|a rus
|
| 102 |
|
|
|a RU
|
| 105 |
|
|
|a a j 000zy
|
| 200 |
1 |
|
|a Компьютерная математика в химии и химической технологии
|e учебное пособие
|f А. В. Кравцов, Э. Д. Иванчина
|g Томский политехнический университет
|
| 210 |
|
|
|a Томск
|c Изд-во ТПУ
|d 1993
|
| 215 |
|
|
|a 49 с.
|c граф.
|
| 320 |
|
|
|a Библиогр.: с. 47.
|
| 606 |
|
|
|a Информационные технологии
|x Применение в химии
|2 stltpush
|3 (RuTPU)RU\TPU\subj\80816
|9 88378
|
| 610 |
1 |
|
|a химия
|
| 610 |
1 |
|
|a химическая технология
|
| 610 |
1 |
|
|a математические методы
|
| 610 |
1 |
|
|a компьютерная математика
|
| 610 |
1 |
|
|a учебные пособия
|
| 610 |
1 |
|
|a труды учёных ТПУ
|
| 675 |
|
|
|a 54:004(075.8)
|v 3
|
| 675 |
|
|
|a 66.011(075.8)
|v 3
|
| 700 |
|
1 |
|a Кравцов
|b А. В.
|c химик-технолог
|c профессор-консультант Томского политехнического университета, доктор технических наук
|f 1938-
|g Анатолий Васильевич
|2 stltpush
|3 (RuTPU)RU\TPU\pers\19827
|
| 701 |
|
1 |
|a Иванчина
|b Э. Д.
|c химик
|c профессор Томского политехнического университета, доктор технических наук
|f 1951-
|g Эмилия Дмитриевна
|2 stltpush
|3 (RuTPU)RU\TPU\pers\24966
|
| 712 |
0 |
2 |
|a Томский политехнический университет
|2 stltpush
|3 (RuTPU)RU\TPU\col\376
|
| 801 |
|
0 |
|a RU
|b 63413507
|c 20011209
|g PSBO
|
| 801 |
|
2 |
|a RU
|b 63413507
|c 20221017
|g PSBO
|
| 900 |
|
|
|a Компьютерные моделирующие системы в химической технологи
|
| 942 |
|
|
|c BK
|